Gender In value chain analysis of rice in bangladesh / (Record no. 15622)
[ view plain ]
| 000 -LEADER | |
|---|---|
| fixed length control field | 00816nam a22002417a 4500 |
| 001 - CONTROL NUMBER | |
| control field | BD-DhSAU # |
| 003 - CONTROL NUMBER IDENTIFIER | |
| control field | BD-DhSAU |
| 005 - DATE AND TIME OF LATEST TRANSACTION | |
| control field | 20211021181509.0 |
| 008 - FIXED-LENGTH DATA ELEMENTS--GENERAL INFORMATION | |
| fixed length control field | 151014b2008 bg ||||| |||| 001 0 eng d |
| 040 ## - CATALOGING SOURCE | |
| Original cataloging agency | BD-DhSAU |
| 082 ## - DEWEY DECIMAL CLASSIFICATION NUMBER | |
| Edition number | 22 |
| Classification number | 658.8 |
| Item number | H27 |
| 100 #M - MAIN ENTRY--PERSONAL NAME | |
| Personal name | Hasan, Md. Rashidul |
| Fuller form of name | Reg. No. # 27219 |
| 245 ## - TITLE STATEMENT | |
| Title | Gender In value chain analysis of rice in bangladesh / |
| Remainder of title | PhD. Thesis |
| 260 ## - PUBLICATION, DISTRIBUTION, ETC. (IMPRINT) | |
| Place of publication, distribution, etc. | Bangladesh Agricultural University : |
| Name of publisher, distributor, etc. | Department of Agribusiness and Marketing; |
| Date of publication, distribution, etc. | 2020. |
| 300 ## - PHYSICAL DESCRIPTION | |
| Extent | xxxv, 371 p. : |
| Other physical details | ill. ; |
| Dimensions | 30 cm. |
| 504 ## - BIBLIOGRAPHY, ETC. NOTE | |
| Bibliography, etc | Includes Bibliographical References . |
| 590 ## - Name of Cataloguer | |
| Name of Cataloger | Nazmul |
| 600 ## - SUBJECT ADDED ENTRY--PERSONAL NAME | |
| Fuller form of name | value chain |
| 610 ## - SUBJECT ADDED ENTRY--CORPORATE NAME | |
| Corporate name or jurisdiction name as entry element | rice in bangladesh |
| 700 ## - ADDED ENTRY--PERSONAL NAME | |
| Personal name | Prof. Dr. Mohammad Jahangir Alam |
| Relator code | Supervisor |
| 700 ## - ADDED ENTRY--PERSONAL NAME | |
| Personal name | Prof. Dr. Israt Ara Bagum |
| Relator code | Co-Supervisor |
| 942 ## - ADDED ENTRY ELEMENTS (KOHA) | |
| Source of classification or shelving scheme | Dewey Decimal Classification |
| Koha item type | PhD Thesis |
| Withdrawn status | Lost status | Source of classification or shelving scheme | Damaged status | Not for loan | Home library | Branch Name | Shelving location | Date acquired | Total Checkouts | Full call number | Barcode | Date last seen | Price effective from | Koha item type |
|---|---|---|---|---|---|---|---|---|---|---|---|---|---|---|
| Dewey Decimal Classification | Not For Loan | SAU Library | SAU Library | Reference | 21/10/2021 | 658.8 H27 | 42763 | 21/10/2021 | 21/10/2021 | PhD Thesis |
